000 00310nam a22001337a 4500
008 170616b xxu||||| |||| 00| 0 eng d
020 _a9781608716685
041 _aeng
080 _22 ED
_a32
100 _a20
101 _aSHP
245 _aINTRODUCTION COM[ARATIVE POLITICS
_cORVIS,S
942 _2udc
_cBK
999 _c17815
_d17815